| 000 | 00636nam a22001937a 4500 | ||
|---|---|---|---|
| 005 | 20260413145328.0 | ||
| 008 | 260413b |||||||| |||| 00| 0 eng d | ||
| 020 | _a9788194426394 | ||
| 040 | _cFLL | ||
| 041 |
_2Eng _aEng |
||
| 084 | _aZ2,801 R6 | ||
| 100 |
_aBakshi,P.M. _91116853 |
||
| 245 |
_aCivil Procedure _bLimitation and Commercial Courts alongwith Letters Patent _cAs amended by the Mediation Act,2023 Guidelines and Principles under relevant sections and orders |
||
| 250 | _a4th | ||
| 260 |
_aNew Delhi,India _bWhytes & Co. _c2026 |
||
| 300 | _aclxxxv,1044,vii | ||
| 650 | _aCode of Civil Procedure | ||
| 942 |
_2CC _cTB |
||
| 999 |
_c1848257 _d1848257 |
||